000 00571nam a2200193 a 4500
001 000022983
005 20200930021919.0
008 101124s1994 ve r 000 | spa d
020 _a9806270126
040 _aDO-SdBNP
_bspa
_cBNPHU
082 _axxx
_bH967
245 1 0 _aMenjase y compromiso del padre Alberto Hurtado /
_cLuis Enrique Marius.
260 _aCaracas :
_bFondo Latinoamericano de Ediciones Sociales (FLATES),
_c1994.
300 _a125 p. ;
_c22 cm.
490 _aCLAT
730 1 _aMarius, Luis Enrique
_947259
830 0 _aCLAT
_947260
049 _aBNGR
999 _c22480
_d22480